| 000 | 00490nam a2200169 a 4500 | ||
|---|---|---|---|
| 001 | 35165 | ||
| 005 | 20180714003436.0 | ||
| 008 | 140415d 000 0 eng d | ||
| 041 | _aeng | ||
| 082 |
_a001.942 _bDAN |
||
| 100 | 1 | _aDANIKEN, ERICH VON | |
| 245 | 1 | 0 |
_aIN SEARCH OF ANCIENT GODS MY PICTORIAL EVIDENCE FOR THE : _bIMPOSSIBLE |
| 250 | _a1a ed. | ||
| 260 |
_a[s.l.] : _bBANTAM BOOK, _c[s.f.] |
||
| 300 | _a218 | ||
| 650 | 1 | 4 |
_aDISCOS VOLADORES _xPLATILLOS VOLADORES |
| 999 |
_c35165 _d35165 |
||